000
00294nam a22001337a 4500
008
180222b xxu||||| |||| 00| 0 eng d
020
_a
0669036935
041
_a
eng
080
_a
330
100
_a
52
101
_a
EKO
245
_a
Economic of the Environment
_c
Siebert, H
942
_2
udc
_c
BK
999
_c
43150
_d
43150